Чудесное путешествие Нильса с дикими гусями: повесть-сказка в свободном пересказе З. Задунайской, А. Любарской; для младшего школьного возраста

Dettagli Bibliografici
Autore principale: Лагерлёф С. Сельма
Altri autori: Задунайская З. М. (иллюстратор), Любарская А., Крестовский С., Яковлев Е.
Lingua:russo
Pubblicazione: Саратов, Приволжское книжное издательство, 1991
Soggetti:
Natura: MixedMaterials Libro
KOHA link:https://koha.lib.tpu.ru/cgi-bin/koha/opac-detail.pl?biblionumber=154823

MARC

LEADER 00000nam0a2200000 4500
001 154823
005 20231101221807.0
010 |a 5763302494 
020 |a RU  |b 91-52546 
035 |a (RuTPU)RU\TPU\book\167922 
035 |a RU\TPU\book\149068 
090 |a 154823 
100 |a 20090305d1991 c y0rusy5003 ca 
101 1 |a rus  |c swe 
102 |a RU 
105 |a a z 000ay 
200 1 |a Чудесное путешествие Нильса с дикими гусями  |e повесть-сказка в свободном пересказе З. Задунайской, А. Любарской   |e для младшего школьного возраста  |f С. Лагерлёф  |g худож. С. Крестовский ; Е. Яковлев 
210 |a Саратов  |c Приволжское книжное издательство  |d 1991 
215 |a 256 с.  |c цв. ил.  |d 20 см 
610 1 |a Сказки шведские 
610 1 |a детская литература 
675 |a 839.7  |z rus 
700 1 |a Лагерлёф  |b С.  |c шведская писательница  |f 1858-1940  |g Сельма  |2 stltpush  |3 (RuTPU)RU\TPU\pers\18592  |9 6892 
702 1 |a Задунайская  |b З. М.  |4 010 
702 1 |a Любарская  |b А.  |4 010 
702 1 |a Крестовский  |b С.  |4 440 
702 1 |a Яковлев  |b Е.  |4 440 
801 0 |a RU  |b RuMRKP  |c 19950417  |g psbo 
801 1 |a RU  |b 63413507  |c 20080513  |g PSBO 
801 2 |a RU  |b 63413507  |c 20090305  |g PSBO 
942 |c BK